header

Imaging strategies for the knee (Record no. 211724)

MARC details
000 -LEADER
fixed length control field 01409nam a2200361Ia 4500
082 04 - DEWEY DECIMAL CLASSIFICATION NUMBER
Classification number 617.5/820754
245 10 - TITLE STATEMENT
Title Imaging strategies for the knee
260 ## - PUBLICATION, DISTRIBUTION, ETC. (IMPRINT)
Place of publication Stuttgart ;
-- New York :
Name of publisher Thieme,
Year of publication c2006.
300 ## - PHYSICAL DESCRIPTION
Number of Pages ix, 212 p. :
Other physical details ill.
650 #0 - SUBJECT ADDED ENTRY--TOPICAL TERM
Topical Term Knee
Topical Term Knee
Topical Term Knee
700 1# - ADDED ENTRY--PERSONAL NAME
Personal name Maeurer, Juergen.
856 40 - ELECTRONIC LOCATION AND ACCESS
Uniform Resource Identifier http://site.ebrary.com/lib/rucke/Doc?id=10587003

No items available.

© 2026 Rongo University
Contact us: librarian | system librarian | Rongo university